[Event "V Open B"]
[Site "Montebelluna ITA"]
[Date "2007.03.11"]
[Round "5"]
[White "Codenotti, Marco"]
[Black "Steger, Andreas"]
[Result "1-0"]
[WhiteElo "1602"]
[BlackElo "1503"]
[PlyCount "87"]
[EventDate "2007.03.09"]

1. e4 c5 2. Nc3 d6 3. f4 e6 4. Nf3 Nc6 5. g3 Nf6 6. d3 Be7 7. Bg2 Bd7 8. O-O
O-O 9. h3 Nd4 10. Kh1 Qc7 11. g4 Bc6 12. Rg1 b5 13. f5 exf5 14. exf5 d5 15.
Nxd4 cxd4 16. Ne2 Rfe8 17. g5 Nh5 18. Bf3 g6 19. Bxh5 gxh5 20. g6 fxg6 21. fxg6
Qd7 22. Nf4 Qf5 23. Rg3 Bd6 24. gxh7+ Kxh7 25. Rf3 Qe5 26. Qf1 Rg8 27. Bd2 Raf8
28. Re1 Qg5 29. Re6 Rf6 30. Rxf6 Qxf6 31. Nxh5 Qe5 32. Bf4 Qxh5 33. Bxd6 Qg6
34. Rf6 Qg5 35. Bf8 Rg6 36. Rf7+ Kg8 37. Be7 Qg1+ 38. Qxg1 Rxg1+ 39. Kxg1 Kxf7
40. Bc5 Kf6 41. Bxd4+ Kg5 42. Bxa7 Kh4 43. Kh2 Kh5 44. Kg3 1-0

[Event "V Open B"]
[Site "Montebelluna ITA"]
[Date "2007.03.11"]
[Round "5"]
[White "Ferracin, Nicola"]
[Black "De Nadai, Ruggero"]
[Result "1/2-1/2"]
[WhiteElo "1615"]
[BlackElo "1431"]
[PlyCount "38"]
[EventDate "2007.03.09"]

1. e4 c5 2. Nf3 d6 3. d4 cxd4 4. Nxd4 Nf6 5. Nc3 Nc6 6. f3 e6 7. Be3 Be7 8. Qd2
O-O 9. O-O-O e5 10. Ndb5 a6 11. Nxd6 Qxd6 12. Qxd6 Bxd6 13. Rxd6 Be6 14. Be2
Rad8 15. Rhd1 Rxd6 16. Rxd6 Rd8 17. Rxd8+ Nxd8 18. Bb6 Nc6 19. Na4 Nd7 1/2-1/2

[Event "V Open B"]
[Site "Montebelluna ITA"]
[Date "2007.03.11"]
[Round "5"]
[White "Franco, Leopoldo"]
[Black "Campagnola, Giacomo"]
[Result "0-1"]
[WhiteElo "1450"]
[BlackElo "1425"]
[PlyCount "157"]
[EventDate "2007.03.09"]

1. d4 Nf6 2. c4 d6 3. Nc3 g6 4. e4 Bg7 5. Nf3 O-O 6. Be2 b6 7. O-O Bb7 8. d5
Nbd7 9. Qc2 c5 10. g3 Ng4 11. h3 Nge5 12. Nxe5 Nxe5 13. f4 Nd7 14. Bd2 Bc8 15.
f5 Nb8 16. fxg6 fxg6 17. Rxf8+ Qxf8 18. Rf1 Qe8 19. Bg4 Bxg4 20. hxg4 Nd7 21.
Nb5 Qd8 22. Bc3 Bxc3 23. Nxc3 Ne5 24. Qe2 Qd7 25. g5 Rf8 26. b3 Rxf1+ 27. Qxf1
a6 28. Ne2 Nf7 29. Nf4 Nxg5 30. Ne6 Nxe6 31. dxe6 Qxe6 32. Qf3 Qe5 33. a3 Qa1+
34. Kh2 Qxa3 35. e5 Qb2+ 36. Kh3 Qxe5 37. Qa8+ Kf7 38. Qxa6 Qf5+ 39. Kh2 Qc2+
40. Kh3 Qxb3 41. Qa1 Qxc4 42. Qh8 Qe6+ 43. Kh2 Qe2+ 44. Kh3 Qh5+ 45. Kg2 b5 46.
Qb2 b4 47. Qb3+ e6 48. Qa4 Qd5+ 49. Kh3 b3 50. Qd7+ Kf6 51. Qd8+ Kf5 52. Qf8+
Ke4 53. Qf4+ Kd3 54. Qf1+ Kc3 55. Qa1+ Kb4 56. Qe1+ Kb5 57. Qe2+ Qc4 58. Qb2
Qc2 59. Qg7 b2 60. Qb7+ Kc4 61. Qa6+ Kc3 62. Qa5+ Kd3 63. Qb5+ c4 64. Qc6 b1=Q
65. Qxd6+ Kc3 66. Qa3+ Qbb3 67. Qa1+ Kd3 68. Qf1+ Kd4 69. Qf6+ e5 70. Qh4+ Qe4
71. Qd8+ Qd5 72. Qh4+ Ke3 73. Qxh7 Qh1+ 74. Kg4 Qxh7 75. Kg5 Qh5+ 76. Kf6 Qb6+
77. Kg7 g5 78. g4 Qhg6+ 79. Kf8 0-1

[Event "V Open B"]
[Site "Montebelluna ITA"]
[Date "2007.03.11"]
[Round "5"]
[White "Mancin, Michele"]
[Black "Bianchin, Raffaele"]
[Result "1-0"]
[WhiteElo "1626"]
[BlackElo "1506"]
[PlyCount "51"]
[EventDate "2007.03.09"]

1. e4 c5 2. Nf3 d6 3. d4 cxd4 4. Nxd4 Nf6 5. Nc3 Nc6 6. Be3 e6 7. Be2 Be7 8.
O-O O-O 9. Kh1 Qc7 10. f4 b6 11. Qe1 e5 12. fxe5 Nxe5 13. Nf5 Bxf5 14. exf5 Nc4
15. Bc1 d5 16. Bf3 Bd6 17. Nxd5 Nxd5 18. Bxd5 Bxh2 19. Bxa8 Rxa8 20. Qe4 Be5
21. Qxa8+ Qb8 22. Qxb8+ Bxb8 23. b3 Be5 24. Rb1 Nd6 25. Bf4 Bxf4 26. Rxf4 1-0

[Event "V Open B"]
[Site "Montebelluna ITA"]
[Date "2007.03.11"]
[Round "5"]
[White "Mannori, Giampaolo"]
[Black "Sorbera, Enrico"]
[Result "1/2-1/2"]
[WhiteElo "1545"]
[BlackElo "1311"]
[PlyCount "75"]
[EventDate "2007.03.09"]

1. e4 g6 2. d4 Bg7 3. Nf3 d6 4. Nc3 Nf6 5. Be2 c6 6. O-O b5 7. a3 O-O 8. h3
Nbd7 9. Be3 e5 10. dxe5 Nxe5 11. Nxe5 dxe5 12. Bc5 Re8 13. Qxd8 Rxd8 14. Rad1
Be6 15. Rxd8+ Rxd8 16. Rd1 Rxd1+ 17. Bxd1 a6 18. b3 Nd7 19. Be3 f5 20. exf5
Bxf5 21. Na2 c5 22. c3 Kf7 23. Be2 Be6 24. c4 bxc4 25. Bxc4 e4 26. Kf1 Bb2 27.
Bc1 Bxc4+ 28. bxc4 Bd4 29. Be3 Bxe3 30. fxe3 Ne5 31. Nc3 Nxc4 32. Nxe4 Nxa3 33.
Nxc5 a5 34. Ke2 Ke7 35. Kd3 Nb5 36. Kc4 Na3+ 37. Kb3 Nb1 38. Nb7 {...} 1/2-1/2

[Event "V Open B"]
[Site "Montebelluna ITA"]
[Date "2007.03.11"]
[Round "5"]
[White "Panican, Gheorghe"]
[Black "Tomio, Dante"]
[Result "1/2-1/2"]
[WhiteElo "1530"]
[BlackElo "1953"]
[PlyCount "85"]
[EventDate "2007.03.09"]

1. e4 c5 2. Nf3 d6 3. d4 cxd4 4. Nxd4 Nf6 5. Nc3 e6 6. Bd3 a6 7. a4 Be7 8. O-O
Nc6 9. Be3 O-O 10. Kh1 Qc7 11. Nb3 b6 12. f4 Bb7 13. Be2 Rfe8 14. Bf3 Rac8 15.
Rf2 Nb4 16. Qd4 d5 17. e5 Nd7 18. Qd2 Nc5 19. Nd4 Ne4 20. Bxe4 dxe4 21. Qd1
Red8 22. Rd2 Bc5 23. Qe2 Nd5 24. Nxd5 Bxd5 25. c3 Bf8 26. Bf2 Qb7 27. Qe3 b5
28. axb5 axb5 29. b3 Bc5 30. Rb1 Rc7 31. Qe2 Rb8 32. Rc2 e3 33. Bxe3 Be4 34.
Rbc1 Bxc2 35. Qxc2 Rbc8 36. Qd3 Bxd4 37. Bxd4 Qd5 38. b4 Rc4 39. Rd1 g6 40. h3
Ra8 41. Rd2 Ra3 42. Qe2 Ra1+ 43. Kh2 1/2-1/2

[Event "V Open B"]
[Site "Montebelluna ITA"]
[Date "2007.03.11"]
[Round "5"]
[White "Reginato, Mauro"]
[Black "Brunello, Marco"]
[Result "0-1"]
[WhiteElo "1895"]
[BlackElo "1395"]
[PlyCount "44"]
[EventDate "2007.03.09"]

1. e4 c5 2. Nf3 Nc6 3. d4 cxd4 4. Nxd4 Nf6 5. Nc3 e5 6. Ndb5 d6 7. a4 a6 8. Na3
Bd7 9. Bc4 Be7 10. O-O O-O 11. Kh1 Nd4 12. Be3 b5 13. axb5 axb5 14. Bxd4 bxc4
15. Be3 Be6 16. f3 d5 17. exd5 Nxd5 18. Nxd5 Qxd5 19. Qe2 c3 20. Rfd1 cxb2 21.
Rab1 Qc6 22. Nb5 Bc4 0-1

[Event "V Open B"]
[Site "Montebelluna ITA"]
[Date "2007.03.11"]
[Round "5"]
[White "Reginato, Sabrina"]
[Black "Venturi, Luca"]
[Result "1/2-1/2"]
[WhiteElo "1608"]
[BlackElo "1617"]
[PlyCount "22"]
[EventDate "2007.03.09"]

1. e4 e6 2. d4 d5 3. Nd2 Nf6 4. e5 Nfd7 5. Ngf3 c5 6. c3 Nc6 7. Be2 Be7 8. O-O
O-O 9. Qc2 f6 10. exf6 Nxf6 11. Ng5 cxd4 1/2-1/2

[Event "V Open B"]
[Site "Montebelluna ITA"]
[Date "2007.03.11"]
[Round "5"]
[White "Soppelsa, Maurizio"]
[Black "Valbusa, Giuseppe"]
[Result "1/2-1/2"]
[WhiteElo "1518"]
[BlackElo "1631"]
[PlyCount "118"]
[EventDate "2007.03.09"]

1. f4 g6 2. e3 Bg7 3. Nf3 d6 4. g3 b6 5. Bg2 Bb7 6. O-O e6 7. d4 Ne7 8. c3 Nd7
9. Nbd2 O-O 10. Qc2 Nf6 11. Re1 a6 12. a4 Nd7 13. e4 h6 14. Nf1 b5 15. axb5
axb5 16. Rxa8 Qxa8 17. b4 Qa4 18. Qxa4 bxa4 19. N3d2 Ra8 20. Ba3 Nb6 21. Ne3
Nec8 22. Nec4 Ra7 23. Na5 Ba8 24. Ndc4 d5 25. exd5 Nxd5 26. Bxd5 Bxd5 27. Ra1
Nb6 28. Nb2 Kf8 29. b5+ Ke8 30. Bb4 Kd7 31. Nxa4 Nxa4 32. Rxa4 Bc4 33. Ra3 Bxb5
34. Nb3 Rxa3 35. Bxa3 Bf6 36. Kf2 Kc6 37. Bc5 Kd5 38. Ke3 Kc4 39. Nd2+ Kd5 40.
Bb4 Bg7 41. Bc5 f6 42. Bb4 e5 43. dxe5 fxe5 44. fxe5 Bxe5 45. Kf3 c5 46. Ba5
Bd3 47. Ke3 c4 48. Bb4 Bc7 49. Nf3 Bb6+ 50. Nd4 Ke5 51. h3 g5 52. Bf8 h5 53.
Bg7+ Kd6 54. Bf6 g4 55. hxg4 hxg4 56. Kf4 Bxd4 57. Bxd4 Be2 58. Ke3 Bd3 59. Ba7
Ke5 1/2-1/2

[Event "V Open B"]
[Site "Montebelluna ITA"]
[Date "2007.03.11"]
[Round "5"]
[White "Stella, Luca"]
[Black "Basset, Sergio"]
[Result "1/2-1/2"]
[WhiteElo "1725"]
[BlackElo "1598"]
[PlyCount "127"]
[EventDate "2007.03.09"]

1. e4 c5 2. Nf3 d6 3. d4 cxd4 4. Nxd4 Nf6 5. Nc3 a6 6. Be2 e5 7. Nb3 Be6 8. Be3
Nbd7 9. a4 Be7 10. Qd2 Ng4 11. O-O O-O 12. Kh1 Nxe3 13. Qxe3 Nf6 14. Rad1 Qc7
15. Rd2 Rfd8 16. Rdd1 Rac8 17. Qg3 Qb6 18. h4 Rxc3 19. Qxc3 Nxe4 20. Qf3 Nxf2+
21. Kh2 Nxd1 22. Rxd1 Bxh4 23. g3 Bf6 24. Rh1 e4 25. Qxe4 Qf2+ 26. Qg2 Qxg2+
27. Kxg2 Bd5+ 28. Bf3 Bxf3+ 29. Kxf3 Bxb2 30. Rb1 Bc3 31. Nc1 Rd7 32. Nd3 f6
33. Nb4 Bxb4 34. Rxb4 Kf7 35. Ke4 d5+ 36. Kd4 Ke6 37. g4 Kd6 38. Rb6+ Kc7 39.
Re6 b6 40. a5 bxa5 41. Rxa6 a4 42. Rxa4 Kd6 43. Ra6+ Ke7 44. Ra5 Rc7 45. c3
Rc4+ 46. Kxd5 Rxc3 47. Ra7+ Kf8 48. Ke6 Re3+ 49. Kf5 Re7 50. Ra8+ Kf7 51. Ra6
g6+ 52. Kf4 h6 53. Rb6 g5+ 54. Kf3 Kg6 55. Ra6 Rf7 56. Ke4 h5 57. gxh5+ Kxh5
58. Kf5 Kh6 59. Rb6 Kg7 60. Ra6 Rb7 61. Ra5 Re7 62. Rb5 Re5+ 63. Rxe5 fxe5 64.
Kxg5 1/2-1/2

[Event "V Open B"]
[Site "Montebelluna ITA"]
[Date "2007.03.11"]
[Round "5"]
[White "Tonus, Alex"]
[Black "Pompili, Alberto"]
[Result "1-0"]
[WhiteElo "1696"]
[BlackElo "1846"]
[PlyCount "51"]
[EventDate "2007.03.09"]

1. e4 e6 2. d4 d5 3. Nc3 dxe4 4. Nxe4 Bd7 5. Bd3 Bc6 6. Nf3 Nd7 7. O-O Ngf6 8.
Re1 Bxe4 9. Bxe4 Nxe4 10. Rxe4 Nf6 11. Re1 Be7 12. c3 O-O 13. Qb3 Qc8 14. Bg5
c6 15. Ne5 Nd5 16. Bxe7 Nxe7 17. Re3 Nd5 18. Rh3 f6 19. Qc2 fxe5 20. Qxh7+ Kf7
21. Rf3+ Ke8 22. Qg6+ Ke7 23. Qxg7+ Kd6 24. dxe5+ Kc5 25. Rxf8 Qxf8 26. Qxb7
1-0

[Event "V Open B"]
[Site "Montebelluna ITA"]
[Date "2007.03.11"]
[Round "5"]
[White "Valbusa, Lorenzo"]
[Black "Fragni, Enrico"]
[Result "1/2-1/2"]
[WhiteElo "1461"]
[BlackElo "1824"]
[PlyCount "106"]
[EventDate "2007.03.09"]

1. e4 c6 2. d4 d6 3. Nf3 Bg4 4. Nc3 Nd7 5. h3 Bh5 6. Be2 e5 7. Be3 Be7 8. O-O
Ngf6 9. Qd3 h6 10. Rad1 Qc7 11. dxe5 dxe5 12. Nh4 Bxe2 13. Nxe2 O-O 14. Nf5 Nc5
15. Nxe7+ Qxe7 16. Bxc5 Qxc5 17. Nc3 Qb6 18. b3 Rad8 19. Qc4 Rd4 20. Qe2 Rfd8
21. Kh1 Qb4 22. Na4 Rxd1 23. Rxd1 Rxd1+ 24. Qxd1 Qxe4 25. Qd8+ Kh7 26. Qd3 Qxd3
27. cxd3 Nd7 28. b4 Kg6 29. Kh2 Kf5 30. f3 h5 31. Kg3 g5 32. Nc3 h4+ 33. Kf2
Nf6 34. Ke3 Nd5+ 35. Nxd5 cxd5 36. a4 Ke6 37. d4 f6 38. Kd3 Kd6 39. Ke3 Ke6 40.
Kd3 f5 41. Ke3 Kd6 42. Kd3 e4+ 43. Ke3 f4+ 44. Ke2 e3 45. Kd3 Kc6 46. Ke2 a6
47. Kd3 Kd6 48. Ke2 b6 49. b5 axb5 50. axb5 Ke6 51. Kd3 Kf5 52. Ke2 Kg6 53. Kd3
Kh5 1/2-1/2

[Event "V Open B"]
[Site "Montebelluna ITA"]
[Date "2007.03.11"]
[Round "5"]
[White "Zanon, Leandro"]
[Black "Sorbera, Giovanni"]
[Result "1/2-1/2"]
[WhiteElo "1604"]
[BlackElo "1476"]
[PlyCount "103"]
[EventDate "2007.03.09"]

1. d4 f5 2. Nf3 d6 3. e3 c6 4. Nbd2 Nf6 5. Bd3 Qc7 6. O-O e5 7. dxe5 dxe5 8. e4
f4 9. Nc4 Nbd7 10. b3 b5 11. Ncd2 Bb4 12. Bb2 Bxd2 13. Qxd2 O-O 14. Rac1 Re8
15. c4 Qb6 16. cxb5 cxb5 17. Qb4 Rb8 18. h3 a5 19. Qd2 Bb7 20. Rfe1 Rbd8 21.
Qe2 Ba6 22. Nd2 Nc5 23. Bb1 Kh8 24. Kh1 Nb7 25. f3 Nh5 26. Nf1 b4 27. Qc2 Bxf1
28. Rxf1 Ng3+ 29. Kh2 Nxf1+ 30. Rxf1 Rc8 31. Qe2 Rcd8 32. Bd3 Qg6 33. Bb5 Re6
34. Bc4 Red6 35. Bd5 Qg5 36. Rc1 h6 37. Rc7 Rxd5 38. exd5 Nd6 39. Bxe5 Nf5 40.
d6 Kh7 41. Qe4 Kh8 42. Bxf4 Qg6 43. g4 Nh4 44. Qxg6 Nxg6 45. d7 Nxf4 46. Rc8
Ne6 47. f4 Kh7 48. f5 Rxd7 49. fxe6 Re7 50. Rc5 a4 51. Rc4 Rxe6 52. Rxb4 {...}
1/2-1/2

[Event "C.to Provinciale RC"]
[Site "Locri ITA"]
[Date "2007.03.02"]
[Round "1"]
[White "Carabetta, Alfredo"]
[Black "Zampaglione, Francesco"]
[Result "1/2-1/2"]
[WhiteElo "1512"]
[BlackElo "1362"]
[PlyCount "63"]
[EventDate "2007.03.02"]

1. d4 d5 2. c4 c6 3. Bf4 Bf5 4. Nc3 e6 5. a3 Nd7 6. c5 Ngf6 7. Nf3 g6 8. h3 h5
9. e3 Qa5 10. b4 Qd8 11. Bd3 Bg7 12. Ng5 Qe7 13. Bd6 Qd8 14. e4 dxe4 15. Ncxe4
Nxe4 16. Nxe4 Bxe4 17. Bxe4 f5 18. Bf3 Qf6 19. O-O Qxd4 20. Qxd4 Bxd4 21. Ra2
O-O-O 22. g4 hxg4 23. hxg4 Ne5 24. Bxe5 Bxe5 25. Re1 Bb8 26. Rxe6 Rd3 27. Be2
Rdh3 28. Rxg6 Rh1+ 29. Kg2 R8h2+ 30. Kf3 Rh3+ 31. Kg2 R3h2+ 32. Kf3 1/2-1/2

[Event "C.to Provinciale RC"]
[Site "Locri ITA"]
[Date "2007.03.02"]
[Round "1"]
[White "Caridi, Bruno"]
[Black "Paragliola, Gennaro"]
[Result "0-1"]
[WhiteElo "1398"]
[BlackElo "1460"]
[PlyCount "108"]
[EventDate "2007.03.02"]

1. e4 b6 2. d4 e6 3. Nc3 Bb4 4. Qd3 Nf6 5. Bg5 O-O 6. e5 h6 7. exf6 hxg5 8.
fxg7 Kxg7 9. a3 Ba6 10. Qf3 Bxc3+ 11. Qxc3 Bxf1 12. Kxf1 f6 13. Nh3 Nc6 14. Re1
Ne7 15. Qf3 Qc8 16. d5 Nxd5 17. g4 Rh8 18. c4 Ne7 19. Qd3 Ng6 20. Re3 Ne5 21.
Qe4 Rh4 22. Rg1 c6 23. Reg3 d5 24. Qc2 Nxc4 25. f4 Qd8 26. fxg5 fxg5 27. Qc3+
Qf6+ 28. Qxf6+ Kxf6 29. Rf3+ Kg6 30. Rg2 Nd6 31. Re2 Re8 32. Kg2 e5 33. Ref2
Rxg4+ 34. Kf1 Ne4 35. Rc2 c5 36. Nf2 Nxf2 37. Rcxf2 Rf4 38. Rxf4 exf4 39. Kg2
d4 40. Kf3 c4 41. Kg4 d3 42. h3 Re2 43. Kf3 Rxf2+ 44. Kxf2 Kf5 45. Ke1 Ke4 46.
a4 Ke3 47. a5 bxa5 48. h4 gxh4 49. b3 c3 50. b4 c2 51. Kf1 c1=Q+ 52. Kg2 Qd2+
53. Kh3 Qf2 54. bxa5 Kf3 0-1

[Event "C.to Provinciale RC"]
[Site "Locri ITA"]
[Date "2007.03.02"]
[Round "1"]
[White "Mercuri, Delia"]
[Black "Barbera, Giuseppe"]
[Result "1-0"]
[WhiteElo "1370"]
[BlackElo "1534"]
[PlyCount "59"]
[EventDate "2007.03.02"]

1. e4 c5 2. Nf3 Nc6 3. Be2 d6 4. O-O Nd4 5. Nc3 Bg4 6. d3 e6 7. Bd2 Be7 8. h3
Bxf3 9. Bxf3 Nf6 10. Be3 Nxf3+ 11. Qxf3 O-O 12. Qe2 a6 13. Rad1 Qc7 14. f4 b5
15. a3 g6 16. f5 Nh5 17. Bh6 Ng3 18. Qf3 Nxf1 19. Bxf8 Bxf8 20. Rxf1 exf5 21.
exf5 Re8 22. Nd5 Qd8 23. fxg6 Re7 24. gxf7+ Kh8 25. Qf6+ Bg7 26. Qxe7 Qxe7 27.
Nxe7 Bf8 28. Nd5 Kg7 29. Nc7 Be7 30. Nxa6 1-0

[Event "C.to Provinciale RC"]
[Site "Locri ITA"]
[Date "2007.03.02"]
[Round "1"]
[White "Scalise, Sandro"]
[Black "Mercurio, Rosario"]
[Result "1/2-1/2"]
[WhiteElo "1622"]
[BlackElo "1378"]
[PlyCount "65"]
[EventDate "2007.03.02"]

1. d4 Nf6 2. Nf3 d5 3. c3 c6 4. Bf4 Bf5 5. e3 e6 6. Nh4 Ne4 7. Nxf5 exf5 8. f3
Nf6 9. Bg5 Be7 10. Bd3 Qc8 11. Nd2 O-O 12. O-O Ng4 13. fxg4 Bxg5 14. Bxf5 Bxe3+
15. Kh1 Qc7 16. Nf3 Nd7 17. Qd3 Rae8 18. Rae1 Bf4 19. Rxe8 Rxe8 20. Bxh7+ Kh8
21. g3 Nf6 22. gxf4 Nxh7 23. Ne5 Kg8 24. g5 g6 25. Rf3 Kg7 26. Qf1 Rh8 27. Ng4
Qd7 28. Nh6 b5 29. h4 f6 30. f5 fxg5 31. fxg6 Kxg6 32. h5+ Kxh6 33. Rf6+
1/2-1/2

[Event "C.to Provinciale RC"]
[Site "Locri ITA"]
[Date "2007.03.02"]
[Round "1"]
[White "Spataro, Enrico"]
[Black "Russo, Francesco"]
[Result "1-0"]
[WhiteElo "1751"]
[BlackElo "1544"]
[PlyCount "57"]
[EventDate "2007.03.02"]

1. e4 e6 2. d4 d6 3. Nf3 Nc6 4. Bc4 Nf6 5. O-O Be7 6. Nc3 Bd7 7. Be3 O-O 8. Qe2
Rc8 9. Rad1 d5 10. exd5 exd5 11. Nxd5 Nxd5 12. Bxd5 Nb4 13. Be4 g6 14. Bxb7 Rb8
15. Be4 Bb5 16. c4 Bc6 17. Bxc6 Nxc6 18. d5 Nb4 19. a3 Na2 20. Ra1 Nc3 21. bxc3
f5 22. Bh6 Rf6 23. Rfe1 Qe8 24. Qxe7 Qxe7 25. Rxe7 g5 26. Bxg5 Rg6 27. Rae1 Rb2
28. Re8+ Kf7 29. R1e7# 1-0

[Event "C.to Provinciale RC"]
[Site "Locri ITA"]
[Date "2007.03.02"]
[Round "1"]
[White "Zampaglione, Davide"]
[Black "Familari, Giuseppe"]
[Result "0-1"]
[WhiteElo "1410"]
[BlackElo "1714"]
[PlyCount "74"]
[EventDate "2007.03.02"]

1. e4 c6 2. Nf3 d5 3. e5 Qc7 4. d4 Bf5 5. Bf4 e6 6. Bd3 Ne7 7. Nc3 Nd7 8. b3 a6
9. a3 c5 10. Ne2 Bxd3 11. Qxd3 Nc6 12. Ra2 cxd4 13. Nexd4 Ncxe5 14. Nxe5 Nxe5
15. Qe3 Bd6 16. Qg3 Nd3+ 17. Qxd3 Bxf4 18. O-O Bxh2+ 19. Kh1 Be5 20. Kg1 O-O
21. Nf3 Bf6 22. Re1 Rac8 23. Re5 Bxe5 24. Ng5 g6 25. Qh3 h5 26. g4 Bf6 27. Nf3
hxg4 28. Qxg4 Kg7 29. Qh3 Rh8 30. Qg2 Qf4 31. Kf1 Qc1+ 32. Ke2 Rxc2+ 33. Rxc2
Qxc2+ 34. Ke3 Qe4+ 35. Kd2 Rc8 36. Ne1 Rc2+ 37. Kd1 Qe2# 0-1

[Event "C.to Provinciale RC"]
[Site "Locri ITA"]
[Date "2007.03.03"]
[Round "2"]
[White "Barbera, Giuseppe"]
[Black "Zampaglione, Davide"]
[Result "0-1"]
[WhiteElo "1534"]
[BlackElo "1410"]
[PlyCount "120"]
[EventDate "2007.03.02"]

1. e4 e5 2. Nf3 Nf6 3. c3 Bc5 4. d4 exd4 5. e5 Nd5 6. cxd4 Bb4+ 7. Bd2 d6 8.
Bxb4 Nxb4 9. a3 Nd5 10. Bc4 Nf4 11. O-O Bg4 12. exd6 Qxd6 13. Re1+ Kf8 14. Nbd2
Qg6 15. Ne5 Bxd1 16. Nxg6+ Nxg6 17. Raxd1 Nc6 18. d5 Nd4 19. Rc1 Re8 20. Rxe8+
Kxe8 21. Kf1 Kd8 22. Ne4 b5 23. Ba2 Re8 24. Ng5 Nf4 25. d6 Nd3 26. dxc7+ Kc8
27. Rd1 Nc2 28. Nf3 Ne5 29. Rc1 Nxf3 30. gxf3 Nd4 31. Bxf7 Re7 32. Bd5 Rxc7 33.
Re1 Kd8 34. Be4 h6 35. Rd1 Rd7 36. Bg6 Nxf3 37. Rxd7+ Kxd7 38. Kg2 Nh4+ 39. Kg3
Nxg6 40. Kg4 Ke7 41. Kf5 Kf7 42. f4 a5 43. Ke4 b4 44. a4 b3 45. f5 Ne7 46. h4
g6 47. fxg6+ Kxg6 48. Kd4 Kf6 49. Kc3 Nd5+ 50. Kxb3 Nb6 51. Kc3 Kf5 52. Kd4
Nxa4 53. b3 Nb2 54. Kc3 a4 55. Kxb2 axb3 56. Kxb3 Kg4 57. Kc2 Kxh4 58. Kd2 Kg3
59. Ke2 Kg2 60. Ke3 h5 0-1

[Event "C.to Provinciale RC"]
[Site "Locri ITA"]
[Date "2007.03.03"]
[Round "2"]
[White "Ceravolo, Alberto"]
[Black "Primerano, Ferdinando"]
[Result "1-0"]
[WhiteElo "1643"]
[BlackElo "1461"]
[PlyCount "51"]
[EventDate "2007.03.02"]

1. d4 d5 2. f4 Nc6 3. Nf3 Nf6 4. e3 Bg4 5. Be2 Bxf3 6. Bxf3 e6 7. c3 Be7 8. O-O
O-O 9. Nd2 Nd7 10. e4 dxe4 11. Nxe4 f5 12. Ng5 Bxg5 13. fxg5 e5 14. Qb3+ Kh8
15. Qxb7 e4 16. Qxc6 exf3 17. Rxf3 g6 18. b3 Re8 19. Bf4 Rc8 20. Raf1 Nb6 21.
Be5+ Kg8 22. h4 Nd5 23. a3 Qe7 24. Qxd5+ Kf8 25. b4 Rcd8 26. Qc4 1-0

[Event "C.to Provinciale RC"]
[Site "Locri ITA"]
[Date "2007.03.03"]
[Round "2"]
[White "Familari, Giuseppe"]
[Black "Zavaglia, Giuseppe"]
[Result "0-1"]
[WhiteElo "1714"]
[BlackElo "1886"]
[PlyCount "146"]
[EventDate "2007.03.02"]

1. e4 c5 2. Nf3 d6 3. d4 cxd4 4. Nxd4 Nf6 5. Nc3 a6 6. Be3 e6 7. f3 b5 8. a3
Be7 9. Be2 Qc7 10. O-O Bb7 11. Qd2 Nbd7 12. Kh1 O-O 13. Nb3 Rfd8 14. Bf4 Rac8
15. Rfd1 Ne5 16. Qe1 Nh5 17. Be3 Nf6 18. Qf2 Ned7 19. Bf4 Ne5 20. Be3 Nfd7 21.
Rd2 Nc6 22. Rad1 Na5 23. Bxb5 Nxb3 24. Bxd7 Nxd2 25. Bxc8 Nxe4 26. Nxe4 Rxc8
27. c3 d5 28. Bb6 Qc6 29. Ng3 Bc5 30. Bxc5 Qxc5 31. Qxc5 Rxc5 32. Re1 g6 33.
Kg1 Bc6 34. Kf2 Bb5 35. h4 h5 36. Nf1 d4 37. Rc1 Bxf1 38. Kxf1 Rb5 39. b4 dxc3
40. Rxc3 Kf8 41. Ke2 Ke7 42. Kd3 Kd6 43. Ke4 Rf5 44. Rd3+ Kc6 45. a4 e5 46. b5+
axb5 47. axb5+ Kb6 48. Rd6+ Kb7 49. Rd7+ Kb6 50. Rd6+ Kc7 51. Rd5 Kb6 52. Rd6+
Kb7 53. Kd5 e4+ 54. Kxe4 Rxb5 55. Rd7+ Kc6 56. Rxf7 Rb4+ 57. Ke3 Rxh4 58. Rf6+
Kd5 59. Rxg6 Ke5 60. Rh6 Rh1 61. Kf2 Kf4 62. g3+ Kg5 63. Rh8 Rh2+ 64. Kg1 Ra2
65. Rg8+ Kf6 66. Re8 Rd2 67. Kf1 Rh2 68. Kg1 Ra2 69. Kf1 Kf7 70. Rh8 Ra5 71.
Rb8 Kg6 72. Kf2 Kg5 73. Rg8+ Kf5 0-1

[Event "C.to Provinciale RC"]
[Site "Locri ITA"]
[Date "2007.03.03"]
[Round "2"]
[White "Mercurio, Rosario"]
[Black "Carabetta, Alfredo"]
[Result "0-1"]
[WhiteElo "1378"]
[BlackElo "1512"]
[PlyCount "88"]
[EventDate "2007.03.02"]

1. Nf3 c5 2. c4 d5 3. b3 Nf6 4. d3 Nc6 5. a3 Qc7 6. g3 e5 7. cxd5 Nxd5 8. e4
Nb6 9. Nc3 Be6 10. Be3 O-O-O 11. Rc1 Nd4 12. Bxd4 exd4 13. Nb5 Qd7 14. a4 Kb8
15. Bg2 a6 16. Na3 c4 17. Nxc4 Bxc4 18. bxc4 Nxa4 19. Ne5 Bb4+ 20. Kf1 Qe8 21.
Nxf7 Nc3 22. Qf3 Rf8 23. Qf4+ Bd6 24. Nxd6 Rxf4 25. Nxe8 Rf7 26. e5 Rxe8 27. f4
g5 28. Rc2 gxf4 29. gxf4 Rxf4+ 30. Rf2 Rxf2+ 31. Kxf2 Rxe5 32. Re1 Rxe1 33.
Kxe1 b5 34. Kd2 b4 35. Kc2 a5 36. c5 a4 37. Kb2 a3+ 38. Kb3 a2 39. Kb2 b3 40.
Bh3 Na4+ 41. Ka1 Nxc5 42. Bf5 h6 43. h4 Ka7 44. Bg6 Kb6 0-1

[Event "C.to Provinciale RC"]
[Site "Locri ITA"]
[Date "2007.03.03"]
[Round "2"]
[White "Musico', Guglielmo"]
[Black "Zampaglione, Francesco"]
[Result "1-0"]
[WhiteElo "1506"]
[BlackElo "1362"]
[PlyCount "77"]
[EventDate "2007.03.02"]

1. d4 d5 2. c4 Nf6 3. Nc3 c6 4. Bg5 Nbd7 5. Nf3 h6 6. Bh4 Qc7 7. e3 e5 8. Be2
Bb4 9. O-O Ne4 10. Nxe4 dxe4 11. Nd2 Bxd2 12. Qxd2 O-O 13. a3 Re8 14. Bg3 a6
15. b4 b5 16. c5 a5 17. d5 Qa7 18. dxc6 Nf6 19. Bxb5 axb4 20. Qxb4 Nd5 21. Qb2
f6 22. a4 Qxc5 23. Rac1 Qb4 24. Qxb4 Nxb4 25. Rc4 Nd5 26. Rxe4 Ba6 27. Rc4 Bxb5
28. axb5 Ra5 29. e4 Nb6 30. Rb4 Rea8 31. f4 Ra1 32. Rbb1 R1a5 33. Rfc1 Rb8 34.
Bf2 Nc8 35. b6 Ra6 36. b7 Na7 37. c7 Re8 38. b8=Q Rxb8 39. cxb8=Q+ 1-0

[Event "C.to Provinciale RC"]
[Site "Locri ITA"]
[Date "2007.03.03"]
[Round "2"]
[White "Valotta, Massimiliano"]
[Black "Mercuri, Delia"]
[Result "1-0"]
[WhiteElo "1889"]
[BlackElo "1370"]
[PlyCount "53"]
[EventDate "2007.03.02"]

1. e4 e5 2. Nf3 Nf6 3. Bc4 d5 4. exd5 Nxd5 5. Qe2 Be6 6. Qxe5 Nd7 7. Qg5 N7f6
8. O-O h6 9. Qg3 Ne4 10. Qe5 Nef6 11. Bxd5 Bd6 12. Bc6+ bxc6 13. Qc3 Bd5 14.
Re1+ Be7 15. Ne5 Qd6 16. d4 O-O 17. h3 Ne4 18. Qd3 f5 19. c4 Bf7 20. f3 Bh4 21.
c5 Bf2+ 22. Kf1 Qxd4 23. fxe4 Rad8 24. Qxd4 Bxd4 25. Nxf7 Rxf7 26. e5 f4 27. e6
1-0

[Event "C.to Provinciale RC"]
[Site "Locri ITA"]
[Date "2007.03.03"]
[Round "3"]
[White "Carabetta, Alfredo"]
[Black "Ceravolo, Alberto"]
[Result "0-1"]
[WhiteElo "1512"]
[BlackElo "1643"]
[PlyCount "128"]
[EventDate "2007.03.02"]

1. d4 d5 2. c4 e6 3. Nf3 Nf6 4. Nc3 c6 5. Bg5 Nbd7 6. e4 dxe4 7. Nxe4 Bb4+ 8.
Ned2 Qa5 9. Bd3 O-O 10. a3 Bxd2+ 11. Qxd2 Qxd2+ 12. Bxd2 Re8 13. O-O-O e5 14.
dxe5 Nxe5 15. Nxe5 Rxe5 16. Rde1 Rxe1+ 17. Rxe1 Be6 18. b4 Rd8 19. Be2 h6 20.
h3 Ne4 21. Be3 b6 22. f3 Ng3 23. c5 Nxe2+ 24. Rxe2 Bc4 25. Rd2 Rxd2 26. Kxd2 b5
27. g4 g5 28. f4 f6 29. Bf2 gxf4 30. Kc3 Kg7 31. Kd4 Kg6 32. h4 Be2 33. Ke4
Bxg4 34. Kxf4 Be6 35. Bd4 Bd5 36. h5+ Kf7 37. Be3 Be6 38. Ke4 Kg7 39. Bf4 Bg4
40. Bc7 Bxh5 41. Kf5 Bg6+ 42. Ke6 Be4 43. Bd8 f5 44. Ke5 Kg6 45. Kf4 Kf7 46.
Bh4 Ke6 47. Be1 h5 48. Bf2 Kd5 49. Kg5 Kc4 50. Kxh5 Kb3 51. Kg5 Kxa3 52. Be1
Kb3 53. Kf4 Kc4 54. Ke5 a5 55. bxa5 Kxc5 56. Bf2+ Kb4 57. a6 c5 58. a7 Kc4 59.
a8=Q Bxa8 60. Kxf5 b4 61. Bh4 Kb3 62. Kf4 c4 63. Ke3 c3 64. Bf6 Kc2 0-1